000 00639nam a2200277Ia 4500
005 20260324144827.0
008 008 260324s9999 xx 000 0 eng d
020 _a9781003411628
037 _aEBOOK
040 _aCRL
040 _beng
040 _cCRL
041 _2eng
041 _aeng
084 _qCRL
100 _aMartyn J. Whittock
_91220757
245 4 _aThe Origins of England 410–600
260 _bTaylor and Francis
260 _c1986
365 _a
365 _b160
856 _uhttp://www.taylorfrancis.com/books/9781003411628
942 _cEBOOK
999 _c1827857
_d1827857